000 00555nam a22001577a 4500
003 NUST
038 _aNusrat Nadeem
082 _a200
100 _aMunir, Wazaait
_9134456
245 _aDyadic Effects of Intergenerational Support on Emotional Well-being of Older Parents & their Adult Children/
_cWazaait Munir,
264 _aIslamabad:
_SS3H NUST,
_c2026.
650 _aMS-Clinical Psychology
_9125310
700 _aSupervisor: Dr. Sumara Masood Ul Hassan
_9114369
856 _uhttp://10.250.8.41:8080/xmlui/handle/123456789/57836
942 _2ddc
_cSC
999 _c617448
_d617448